Capitales du Monde Niveau FACILE - Statistiques

Statistiques générales
  • Ce quiz a été pris 1 380 fois
  • Le résultat moyen est 14 sur 15
Statistiques - réponses
Hint Réponse % Correct
Belgique Bruxelles
97%
États-Unis Washington
97%
Brésil Brasilia
96%
Russie Moscou
96%
Japon Tokyo
96%
Portugal Lisbonne
96%
Angleterre Londres
96%
Allemagne Berlin
95%
Canada Ottawa
95%
Italie Rome
95%
Algérie Alger
94%
Espagne Madrid
94%
Pérou Lima
92%
France Paris
91%
Maroc Rabat
89%
Aucun quiz correspondant
Distribution des résultats
% des personnes avec chaque résultat
Percentile par nombre de réponses
Votre historique - résultats
Vous n’avez pas pris ce quiz